Vacation Guidebook Japan (Record no. 1385)

000 -LEADER
fixed length control field 00695nam a22002417a 4500
003 - CONTROL NUMBER IDENTIFIER
control field OSt
005 - DATE AND TIME OF LATEST TRANSACTION
control field 20210501121002.0
008 - FIXED-LENGTH DATA ELEMENTS--GENERAL INFORMATION
fixed length control field 210215s1963 ||||| |||| 00| 0 eng d
040 ## - CATALOGING SOURCE
Original cataloging agency eng
Language of cataloging eng
Transcribing agency DLC
041 ## - LANGUAGE CODE
Language code of text/sound track or separate title eng
080 ## - UNIVERSAL DECIMAL CLASSIFICATION NUMBER
Universal Decimal Classification number 008
Item number V-11
245 ## - TITLE STATEMENT
Title Vacation Guidebook Japan
Statement of responsibility, etc. / by: Cornerstone Library
260 ## - PUBLICATION, DISTRIBUTION, ETC.
Name of publisher, distributor, etc. Cornerstone Library
Date of publication, distribution, etc. 1963
300 ## - PHYSICAL DESCRIPTION
Extent 192 p.
Other physical details ill.
365 ## - TRADE PRICE
Price amount 1 usd
650 #0 - SUBJECT ADDED ENTRY--TOPICAL TERM
9 (RLIN) 493
Topical term or geographic name entry element Culture
653 ## - INDEX TERM--UNCONTROLLED
Uncontrolled term კულტურა
700 ## - ADDED ENTRY--PERSONAL NAME
9 (RLIN) 878
Personal name Engel, Kenyon Lyle
Relator term Editor
700 ## - ADDED ENTRY--PERSONAL NAME
9 (RLIN) 879
Personal name Schaefer, E. Barbara
Relator term Editor
700 ## - ADDED ENTRY--PERSONAL NAME
9 (RLIN) 880
Personal name Engel, Shandor. George
Relator term Picture Editor
700 ## - ADDED ENTRY--PERSONAL NAME
9 (RLIN) 882
Personal name Koeth, Alice
Relator term Illustrations and Maps
942 ## - ADDED ENTRY ELEMENTS (KOHA)
Source of classification or shelving scheme
Koha item type Books
Holdings
Withdrawn status Lost status Source of classification or shelving scheme Damaged status Not for loan Permanent location Current location Date acquired Inventory number Total Checkouts Full call number Barcode Date last seen Price effective from Koha item type
          Ken Walker International University Ken Walker International University 02/15/2021 427   008 V-11 427 02/15/2021 02/15/2021 Books

Powered by Koha